MDQL
is popping MORE tags! Check the
thread
!
Quizzes
Events
Quiz Creation
Community
Videos
Private Events
Remove Ads
Sign In
Join for FREE
Feedback
Dark Mode
Quiz Categories
Sports
Geography
Music
Movies
Television
Just For Fun
Miscellaneous
History
Literature
Language
Science
Gaming
Entertainment
Religion
Holiday
For Kids
Quiz Lab
Recent
Popular Today
Quiz Kudos Today
Editor Picks
Curator Picks
Quizzes by...
Day
Popularity
Type
Ratings
Length
Year
Community
Subscriptions
Recent Discussions
Orange Saloon
Badges
Playlists
Quests
Create
Leaderboards
Showdown
Live 5
Trivia Bingo
Activity
Puzzle Library
Sporcle Events
Private Events
Virtual Trivia
Globe League
Become a Host
Pub Owners
SporcleCon
Opinionation
Our Games
Videos
Blog
Mobile Apps
Partnerships
Remove Ads and Go Orange
Feedback
Entertainment
Celebrity
Famous
Musical
Broadway
Show
Quote
Comic Books
Anime
Superhero
DC Comics
Marvel
Cartoons
Animation
Entertainment
Celebrity
Famous
Musical
Broadway
Show
Quote
Comic Books
Anime
Superhero
DC Comics
Marvel
Cartoons
Animation
Random Quiz
Search Sporcle
×
Quiz Lab
Quiz Lab
Entertainment
Bohemian Rhapsody
Type in answers that appear in a list
Type in answers that appear in a list
Classic
Best Score? Go Orange.
Every forth word to, Bohemian Rhapsody Stats
Can you name the every third word to, Bohemian Rhapsody
By
brotherbutch
20m
85 Questions
73 Plays
73 Plays
73 Plays
Comments
Comments
Give Quiz Kudos
Give Quiz Kudos
-
- Ratings
hide this ad
Replay
Link that replays current quiz
Next Quiz
Link to next quiz in quiz playlist
You Got
0%
They Got
Avg Score
84%
Avg Friend Score
Upgrade to see
Score Distribution
Jump to the score distribution portion of the page
Score
0/85
Timer
20:00
0
Plays Today
Hint
Answer
% Correct
Is this the _
_
_
_
_
real
97.3%
life,? Is this _
_
_
_
just
95.9%
fantasy? Caught in _
_
a
95.9%
look up to _
_
_
_
the
95.9%
to me. Mama _
_
_
_
just
95.9%
body's aching all_
_
_
_
_
_
the
95.9%
will you do _
_
_
_
_
_
the
95.9%
to me baby_
_
_
_
_
_
just
95.9%
gotta get out-
_
_
_
_
_
_
just
95.9%
landslide no escape_
_
_
_
_
from
93.2%
skies and see _
_
_
i'm
93.2%
just a poor_
_
_
_
_
boy
93.2%
really matter to _
_
_
me
93.2%
very very frightening_
_
_
me
93.2%
boy nobody loves
me
93.2%
you go-
let_
_
_
_
me
93.2%
really matters to _
_
_
_
_
_
me
93.2%
reality open your_
_
_
_
_
eyes
91.8%
you let me _
_
_
go
91.8%
not let you_
_
_
go
91.8%
because I'm easy _
_
_
_
_
_
come
90.4%
easy go, A _
_
_
_
_
_
little
90.4%
killed a man _
_
_
_
put
90.4%
has a devil _
_
_
_
_
put
90.4%
a gun against _
_
_
_
his
89%
life had just_
_
_
_
_
begun
89%
mama, i don't_
_
_
_
_
wanna
89%
and thrown it _
_
_
all
89%
as if nothing_
_
_
_
really
89%
Hint
Answer
% Correct
shivers down my _
_
_
_
_
spine
89%
time goodbye everybody_
_
_
_
_
i've
89%
i'd never been_
_
_
_
_
born
89%
ooh yeah, nothing _
_
_
_
_
_
_
really
89%
i need no_
_
_
_
_
_
_
_
_
_
_
sympathy
87.7%
the wind blows,_
_
_
_
_
_
_
doesn't
87.7%
head pulled my _
_
_
_
_
_
_
_
_
trigger
87.7%
now he's dead_
_
_
_
_
mama
87.7%
to make you_
_
_
_
cry
87.7%
away mama didn't_
_
_
_
_
_
_
mean
87.7%
if i'm not _
_
_
_
back
87.7%
again this time_
_
_
_
_
tomorrow
87.7%
carry on, carry_
_
_
_
on
87.7%
matters. Too late
my
87.7%
die. I sometimes_
_
_
_
_
wish
87.7%
at all. I_
_
_
_
_
_
see
87.7%
a man scaramouch, _
_
_
_
_
_
_
_
_
_
_
_
scaramouch
87.7%
matters anyone can_
_
_
_
_
see
87.7%
leave you all _
_
_
_
_
_
behind
86.3%
me go-
no_
_
_
no
86.3%
no no no_
_
no
86.3%
but now i've _
_
_
_
gone
84.9%
a little silhouetto _
_
_
_
of
84.9%
i'm just a _
_
_
_
_
_
poor
84.9%
he's just a _
_
_
_
poor
84.9%
boy from a _
_
_
_
_
poor
84.9%
high, little low_
_
_
_
_
_
anyway
83.6%
and face the _
_
_
_
_
truth
82.2%
fandango, Thunderbolt and _
_
_
_
_
_
_
_
_
lightning
82.2%
Hint
Answer
% Correct
gallileo, gallileo, gallileo, _
_
_
_
_
_
gallileo
82.2%
we will not_
_
_
_
let
82.2%
go-
will not_
_
_
let
82.2%
you go-
never _
_
_
_
let
82.2%
no-
oh mama_
_
_
mia
82.2%
mama mia, mama_
_
_
mia
82.2%
come, easy go-
_
_
_
_
_
_
will
80.8%
Bishmilah! no we_
_
_
_
_
_
will
80.8%
me to die_
_
_
_
_
_
oh
80.8%
baby, can't do _
_
_
_
_
_
this
79.5%
you think you _
_
_
_
_
can
78.1%
you think you _
_
_
_
can
78.1%
got to go_
_
_
_
_
_
gotta
76.7%
from this monstrosity_
_
_
_
_
easy
76.7%
gotta get right_
_
_
_
_
_
out
76.7%
me for me_
_
_
_
_
_
so
75.3%
in my eye_
_
_
_
_
_
so
75.3%
love me and_
_
_
_
_
leave
75.3%
aside for me _
_
_
_
for
74%
nothing really matters_
_
_
_
_
_
nothing
72.6%
family him his _
_
_
_
_
_
life
69.9%
stone me and_
_
_
_
spit
69.9%
time has come
sends
65.8%
of here ooh, _
_
_
_
_
_
yeah
57.5%
let me go_
_
_
_
Beelzebub
49.3%
let him go
bishmilah!
42.5%
gallileo figaro-
magnifico_
_
_
_
_
_
_
but
12.3%
Quiz Playlist
Details
Report
Send in Message
Add To Playlist
Classic:
Type in answers that appear in a list
Last Updated: Feb 16, 2017
Quiz Scoreboard
CHALLENGE
Sign Up to Join the Scoreboard
Show All
Scores
Hide
Comments
May contain spoilers
Recently Published
1-10 Letter E Words III
by El_Dandy
Language
2m
Street Fighter Characters
by Artimus82
Gaming
60s
College Basketball Coaching Resumes
by pancakes188
Sports
9m
More to Explore
Quiz From the Vault
Featured Blog Post
Where Did the Easter Bunny Come From?
hide this ad
You Might Also Like...
Tags
Bohemian
Bohemian Rhapsody
Rhapsody
third
Today's Top Quizzes in Entertainment
Browse Entertainment
hide this ad
Today's Top Quizzes in Bohemian Rhapsody
Browse Bohemian Rhapsody
Top Contributed Quizzes in Entertainment
1
7-to-1: DC Comics Villains
2
Marvel Characters Bunker
3
Dragon Ball Z: Goku's Fights in Order
4
Eurovision 2023 Logic Puzzle
5
Sorting Pictures: Villains
6
Criteria Quickie: Cartoon Taxonomy II
7
7-to-1: One Piece
8
Mini Trivia Sudoku: Musicals
9
One Piece Characters Order of Appearance
10
Click the Cartoon Scott
Explore More
Trending Topics
Marvel
Anime
Kpop
Crossword
NBA
Harry Potter
Disney
Soccer
The Office
Puzzle
WWE
NFL
Pokémon
Song
Country
hide this ad
More By:
brotherbutch
Quiz
Plays
Rating
Category
Featured
Created
Real or Fake: Bible verses
902
4.00
Religion
Jul 2, 2016
15 newest countries not from the USSR or Yugoslovia
515
2.92
Geography
Feb 11, 2014
College Football Rivalries
453
5.00
Sports
Dec 6, 2017
College Football Teams ranked #1 in the AP pol
293
5.00
Sports
Jun 30, 2016
lyrics to 'Hello'
287
2.00
Entertainment
Dec 20, 2015
Go to Creator's Profile
Score Distribution
Quiz Creator Spotlight
brotherbutch
Follow
Send a Message
Quizzes Created
-
Created Quiz Play Count
-
More By This Creator
Popular Quizzes Today
1
Find the US States - No Outlines Minefield
2
Find the Countries of Europe - No Outlines Minefield
3
The Countries of the World
4
Find the US States
5
Risky Map Clicking: Biggest States A-Z
6
US States
7
Popular People in 1961
8
Movies - When Are They Set?
More Entertainment Quizzes
Famous... in the Crowd
Published
Trending Quizzes
Risky Map Clicking: Least Populous States A-Z
1-10 Letter G Words
1-10 Letter F Words
Countries of the World: 200 Million BC
Risky Map Clicking: Next State Alphabetically
Recently Updated
Beyoncé Albums
pecheneg
Leaping Animals
pecheneg
Reality TV Shows (A-Z)
bhenderson79
Rickey Henderson's Hall of Fame Teammates
pecheneg
Champions League XIs: Arsenal
pecheneg
Quick Pick: Celebrities in WWE's Hall of Fame
aduchscher
A-Z Keypad Blitz II
pecheneg
Multiple Oscar Actors
pecheneg
Mystery Phrase Blitz: Oscar 'Best Actors'
pecheneg
F. Scott Fitzgerald Novels
LTH
Trending Topics
NBA
Kpop
Marvel
Anime
Disney
Crossword
Harry Potter
Country
NFL
Soccer
Puzzle
WWE
Song
Pokémon
The Office
Your Account Isn't Verified!
In order to create a playlist on Sporcle, you need to verify the email address you used during registration. Go to your
Sporcle Settings
to finish the process.
Report this User
Report this user for behavior that violates our
Community Guidelines
.
Details:
Send Report
Go to the Sporcle.com Mobile Site →
Comments